书目信息 |
| 书名: | The history of English law before the time of Edward I | |
| 作者: | by Sir Frederick Pollock and Frederic William Maitland. | |
| 分册号: | ||
| 分册名: | 出版地: | London : |
|
| 出版社: | Cambridge U.P | |
| 出版时间: | 1968. | |
| 页数: | 2 v. ; | |
| 开本: | 24 cm. | |
| 丛书名: | ||
| 中图分类号: | ||
| 科图分类号: | ||
| 其他分类号: | D956.19 | |
| 主题词: | ||
| 电子资源: | ||
| 000 | 01075cam 22003131 45x0 | |
| 001 | E0734360656 | |
| 003 | OCoLC | |
| 005 | 20070208093430.60 | |
| 008 | 040414s1968 enk b 000 0 eng | |
| 010 | @a 68021197 //r974 | |
| 015 | @aB68-22282-3 | |
| 020 | @a0521095166 (v.2)(pbk.). | |
| 020 | @a0521095158 (v.1)(pbk.). | |
| 040 | @aDLC@cDLC@dUKM | |
| 043 | @ae-uk-en | |
| 050 | 00 | @aKD532@b.P64 1968 |
| 082 | 00 | @a340/.0942 |
| 090 | @aG102.55/W15 | |
| 090 | @aD956.19 | |
| 099 | @dD956.19@ex6:2=2 | |
| 100 | 1 | @aPollock, Frederick,@cSir,@d1845-1937. |
| 245 | 14 | @aThe history of English law before the time of Edward I / @cby Sir Frederick Pollock and Frederic William Maitland. |
| 250 | @a2nd ed. reissued :@bwith a new introduction and select bibliography by S. F. C. Milsom. | |
| 260 | @aLondon :@bCambridge U.P.,@c1968. | |
| 300 | @a2 v. ;@c24 cm. | |
| 504 | @aBibliography: v. 1, p. lxxv-xci. | |
| 650 | 0 | @aLaw@zEngland@xHistory. |
| 700 | 1 | @aMaitland, Frederic William,@d1850-1906.@ejoint author. |
| 920 | @a232010@z2 | |
| The history of English law before the time of Edward I / / by Sir Frederick Pollock and Frederic William Maitland.-2nd ed. reissued : : with a new introduction and select bibliography by S. F. C. Milsom.-London : : Cambridge U.P., , 1968. |
| 2 v. ; ; 24 cm. |
| Bibliography: v. 1, p. lxxv-xci. |
| ISBN 0521095166 (v.2)(pbk.). |
| ● |
| 相关链接 |
|
|
|
|
正题名:history of English law before the time of Edward I
索取号:D956.19/x6:2=2
 
预约/预借
| 序号 | 登录号 | 条形码 | 馆藏地/架位号 | 状态 | 备注 |
| 1 | 182821 | 001169906 | 第二样本阅览室/ [索取号:D956.19/x6:2=2] | 在馆 | |
| 2 | 182822 | 001169791 | 第四借阅区/ [索取号:D956.19/x6:2=2] | 在馆 | |
| 3 | 182823 | 001701046 | 第四借阅区/ [索取号:D956.19/x6:2=2] | 在馆 |